000 00407nam a2200145 i 4500
001 59046
003 ES-MaACL
007 t|
008 031027s1966 sp ||||1| spa d
100 1 _aEchebarría, Toribio.
_946519
245 1 0 _aLexicon del euskera dialectal de Eibar /
_cToribio Echebarría.
260 _aBilbao :
_b[s.n.],
_c1966.
300 _a658 p. ;
_c22 cm.
852 _aES-MaACL
_jB-2087
_bR.61914
999 _c59046
_d59046